[Event "Quebec Montcalm op 1st"]
[Site "Quebec"]
[Date "2008.10.02"]
[Round "5"]
[White "Espanol Echevarria, Emmanuel"]
[Black "Poliquin, Yvone"]
[Result "1/2-1/2"]
[WhiteElo "1774"]
[BlackElo "1865"]
[PlyCount "54"]
[EventDate "2008.09.04"]
[EventType "swiss"]
[EventRounds "5"]
[EventCountry "CAN"]
[SourceTitle "EXT 2011"]
[Source "ChessBase"]
[SourceDate "2010.11.26"]
[SourceVersion "1"]
[SourceVersionDate "2010.11.26"]
[SourceQuality "1"]

1. e4 e6 2. d4 d5 3. Nd2 c5 4. Ngf3 Nc6 5. exd5 exd5 6. dxc5 Bxc5 7. Nb3 Bb6 8. c3 Nge7 9. Bd3 h6 10. Bf4 Be6 11. Qd2 Qd7 12. Bb5 a6 13. Ba4 Kf8 14. 0-0 f6 15. Nbd4 Bf7 16. Rfe1 g5 17. Be3 Qc7 18. Ne6+ Bxe6 19. Bxb6 Qc8 20. Qe2 Kf7 21. Bc5 b5 22. Bb3 Re8 23. a4 Na5 24. Qd3 Nxb3 25. Qh7+ Kf8 26. Qxh6+ Kf7 27. Qh7+ Kf8 1/2-1/2

[Event "Quebec Montcalm 1 2007-08"]
[Site "Quebec"]
[Date "2007.10.04"]
[Round "5"]
[White "Espanol Echevarria, Emmanuel"]
[Black "Moisan, Francois"]
[Result "1-0"]
[WhiteElo "2044"]
[BlackElo "1790"]
[PlyCount "67"]
[EventDate "2007.09.06"]
[EventType "swiss"]
[EventRounds "5"]
[EventCountry "CAN"]
[SourceTitle "EXT 2022"]
[Source "ChessBase"]
[SourceDate "2021.10.06"]
[SourceVersion "1"]
[SourceVersionDate "2021.10.06"]
[SourceQuality "1"]

1. Nf3 Nf6 2. c4 g6 3. g3 Bg7 4. Bg2 c6 5. Nc3 d6 6. 0-0 0-0 7. d3 Na6 8. Rb1 Rb8 9. b4 Bd7 10. a4 Qc8 11. b5 Nc5 12. Ng5 h6 13. Nge4 Nfxe4 14. Nxe4 Bh3 15. Nxc5 Bxg2 16. Kxg2 dxc5 17. b6 f5 18. Ba3 axb6 19. Rxb6 f4 20. Bxc5 fxg3 21. hxg3 Rf7 22. Qb3 Qf5 23. Be3 Qd7 24. a5 Ra8 25. Rxb7 Qf5 26. Rb8+ Rxb8 27. Qxb8+ Kh7 28. Qb4 h5 29. Qc5 Qd7 30. a6 Rf5 31. Qb6 h4 32. a7 Rh5 33. Rh1 Qf5 34. a8Q 1-0